[Event "1.CLZ 24/25,TJ Neratovice-Sokol Vysehrad"]
[Site "Neratovice"]
[Date "2024.12.08"]
[Round "4.1"]
[White "Cheraghi, Amin"]
[Black "Kusa, Jakub"]
[WhiteElo "2328"]
[BlackElo "2409"]
[Result "1-0"]
[PlyCount "77"]

1. d4 d5 2. Bf4 e6 3. e3 Bd6 4. Nf3 Bxf4 5. exf4 b6 6. h4 Qd6 7. Qd2 Nf6 8. Nc3
O-O 9. h5 c5 10. Ne5 Ba6 11. O-O-O Bxf1 12. Rdxf1 cxd4 13. Qxd4 Qc5 14. Qd3 Nc6
15. h6 g6 16. Nxc6 Qxc6 17. Qd4 Ne8 18. Re1 Qc5 19. Qd2 Nd6 20. Na4 Qc6 21. Qd4
Nf5 22. Qe5 Rac8 23. Nc3 Qd6 24. Qf6 Qxf4+ 25. Kb1 Qb4 26. Re5 Nxh6 27. a3 Qg4
28. Rxh6 Qxg2 29. Re1 d4 30. Reh1 Qxh1+ 31. Rxh1 dxc3 32. Rd1 cxb2 33. Rd7 Rc5
34. Rxa7 Rfc8 35. Rd7 Rf5 36. Rd8+ Rxd8 37. Qxd8+ Kg7 38. Qxb6 h5 39. a4 1-0

[Event "1.CLZ 24/25,TJ Neratovice-Sokol Vysehrad"]
[Site "Neratovice"]
[Date "2024.12.08"]
[Round "4.2"]
[White "Vavra, Pavel"]
[Black "Kawulok, Marek"]
[WhiteElo "2301"]
[BlackElo "2217"]
[Result "0-1"]
[PlyCount "86"]

1. d4 d5 2. Bf4 c5 3. e3 cxd4 4. exd4 Nc6 5. c3 f6 6. Nf3 g5 7. Be3 Bf5 8. h4
g4 9. Nh2 h5 10. c4 e6 11. cxd5 Qxd5 12. Nc3 Bb4 13. Qa4 O-O-O 14. O-O-O Qa5
15. Qxa5 Bxa5 16. Bd3 Nge7 17. a3 Nxd4 18. Bxd4 Rxd4 19. Bxf5 Nxf5 20. Rxd4
Nxd4 21. b4 Bc7 22. g3 f5 23. Re1 Rd8 24. Nf1 a6 25. Nd2 Kd7 26. Na4 Ke7 27.
Nc5 b6 28. Nxa6 Bd6 29. Kb2 Ra8 30. b5 Nxb5 31. Nb4 Nxa3 32. Nc6+ Kf6 33. f4
gxf3 34. Nxf3 Rc8 35. Ncd4 Nc4+ 36. Kb3 e5 37. Ne2 e4 38. Nfd4 Nd2+ 39. Ka4 Be5
40. Kb5 Bxd4 41. Nxd4 Rc3 42. Rd1 Rd3 43. Ne2 Nb3 0-1

[Event "1.CLZ 24/25,TJ Neratovice-Sokol Vysehrad"]
[Site "Neratovice"]
[Date "2024.12.08"]
[Round "4.3"]
[White "Skypala, Ondrej"]
[Black "Bujnoch, Radek"]
[WhiteElo "2197"]
[BlackElo "2306"]
[Result "0-1"]
[PlyCount "118"]

1. c4 c6 2. Nf3 d5 3. g3 Nf6 4. Bg2 dxc4 5. O-O Nbd7 6. Na3 Nb6 7. Qc2 Be6 8.
Ng5 Bg4 9. f3 Bh5 10. Nxc4 Qd4+ 11. Ne3 e6 12. Qc3 Bc5 13. Kh1 Bg6 14. d3 Nbd5
15. Qxd4 Bxd4 16. Nc2 Bb6 17. e4 Nc7 18. d4 O-O 19. Be3 Rfd8 20. Rfd1 Rd7 21.
Rd2 Rad8 22. Rad1 c5 23. dxc5 Rxd2 24. Rxd2 Rxd2 25. Bxd2 Bxc5 26. Bf1 h6 27.
Nh3 Nxe4 28. fxe4 Bxe4+ 29. Bg2 Bxc2 30. Bxb7 e5 31. Kg2 f6 32. b4 Bb6 33. Bc6
Kf7 34. a4 Ke6 35. a5 Bd4 36. Ng1 Kd6 37. Bb7 Nd5 38. Ne2 Bb2 39. Kf2 f5 40. b5
Ba4 41. Bc8 g6 42. Bxh6 Bxb5 43. Bf8+ Kc7 44. Be6 Nf6 45. Ke1 Ne4 46. Bf7 g5
47. Bg6 Nc3 48. Nxc3 Bxc3+ 49. Kf2 Bd4+ 50. Kg2 Bc6+ 51. Kf1 f4 52. gxf4 gxf4
53. h4 f3 54. Bd3 e4 55. Bc4 e3 56. h5 Bd7 57. h6 Bh3+ 58. Ke1 f2+ 59. Kd1 Bg4+
 0-1

[Event "1.CLZ 24/25,TJ Neratovice-Sokol Vysehrad"]
[Site "Neratovice"]
[Date "2024.12.08"]
[Round "4.4"]
[White "Vichnar, David"]
[Black "Paulus, Vaclav"]
[WhiteElo "2290"]
[BlackElo "2140"]
[Result "1/2-1/2"]
[PlyCount "170"]

1. d4 Nf6 2. c4 e6 3. Nf3 c5 4. g3 d5 5. cxd5 exd5 6. Bg2 Nc6 7. O-O Be7 8. Nc3
O-O 9. Bg5 cxd4 10. Nxd4 h6 11. Be3 Be6 12. Rc1 Ng4 13. Nxe6 fxe6 14. Bf4 g5
15. Bd2 Nce5 16. h3 Nxf2 17. Rxf2 Qb6 18. e3 Rxf2 19. Kxf2 Nd3+ 20. Kg1 Nxc1
21. Bxc1 Qd6 22. Kh2 Rf8 23. Nb5 Qe5 24. Nd4 Bd6 25. Qg4 h5 26. Qxe6+ Qxe6 27.
Nxe6 Rf2 28. Nd4 b6 29. Kg1 Bxg3 30. Bxd5+ Kg7 31. e4 Kf6 32. Nf5 Rc2 33. Bxg5+
Kxg5 34. Nxg3 Kh4 35. Nf5+ Kxh3 36. e5 Rc5 37. Ne3 Kg3 38. e6 Rc1+ 39. Nf1+ Kf4
40. Kf2 Rc2+ 41. Ke1 Rc7 42. Ke2 h4 43. Kd3 Ke5 44. Bb3 h3 45. Ke3 Kd6 46. Kf2
Rg7 47. Ng3 h2 48. e7 Rxe7 49. Kg2 Rh7 50. Bc2 Rh8 51. Bf5 Ke5 52. Bh3 Rd8 53.
Nf1 Rd1 54. Kxh2 Rb1 55. b3 Rb2+ 56. Kg3 Rxa2 57. Ne3 Kd4 58. Kf3 Ra5 59. Bd7
Rc5 60. Kf4 Rc3 61. Nf5+ Kd5 62. Be8 Rc7 63. Bb5 Kc5 64. Bc4 b5 65. Be6 a5 66.
Ke5 Kb4 67. Nd4 Kc5 68. Ke4 Rh7 69. Kd3 Rh1 70. Nc2 Rh6 71. Bf5 Rf6 72. Be4 b4
73. Ne3 Rh6 74. Kc2 Rh2+ 75. Kd3 Ra2 76. Bd5 a4 77. bxa4 Ra3+ 78. Kd2 Rxa4 79.
Bb3 Ra7 80. Kc2 Kd4 81. Nf5+ Ke5 82. Ne3 Ke4 83. Nd5 Rb7 84. Bc4 Kd4 85. Kb3
Rh7 1/2-1/2

[Event "1.CLZ 24/25,TJ Neratovice-Sokol Vysehrad"]
[Site "Neratovice"]
[Date "2024.12.08"]
[Round "4.5"]
[White "Orsag, Milan"]
[Black "Serrano, Salvador"]
[WhiteElo "2221"]
[BlackElo "2266"]
[Result "1/2-1/2"]
[PlyCount "51"]

1. d4 Nf6 2. c4 e6 3. Nf3 d5 4. Nc3 c5 5. cxd5 Nxd5 6. e4 Nxc3 7. bxc3 cxd4 8.
cxd4 Bb4+ 9. Bd2 Bxd2+ 10. Qxd2 O-O 11. Bc4 Nd7 12. O-O b6 13. Rad1 Bb7 14.
Rfe1 Rc8 15. Bb3 Re8 16. h3 Nf6 17. Qf4 Nh5 18. Qh2 Qf6 19. Re3 Qf4 20. Ne5
Red8 21. g3 Qh6 22. Ng4 Qg5 23. f4 Qa5 24. Qd2 Qxd2 25. Rxd2 Kf8 26. Rd1
 1/2-1/2

[Event "1.CLZ 24/25,TJ Neratovice-Sokol Vysehrad"]
[Site "Neratovice"]
[Date "2024.12.08"]
[Round "4.6"]
[White "Jurek, Josef"]
[Black "Novotny, Martin"]
[WhiteElo "2189"]
[BlackElo "2110"]
[Result "1-0"]
[PlyCount "117"]

1. Nf3 Nf6 2. c4 g6 3. d4 Bg7 4. g3 O-O 5. Bg2 d6 6. Nc3 Nc6 7. O-O a6 8. d5
Na5 9. Nd2 c5 10. Qc2 b5 11. cxb5 axb5 12. Nxb5 Ba6 13. Nc3 Qb6 14. Rb1 c4 15.
Nf3 Ng4 16. h3 Ne5 17. Be3 Nxf3+ 18. Bxf3 Qc7 19. Qd2 Rfb8 20. Bd4 Bxd4 21.
Qxd4 Qb6 22. Rfd1 Qxd4 23. Rxd4 Rb4 24. Kf1 Rab8 25. Rd2 Nb7 26. Rc1 Nc5 27.
Rcc2 Bc8 28. g4 Bd7 29. Kg2 Kg7 30. a3 Rb3 31. Na2 Na4 32. Rxc4 Rxb2 33. Rxb2
Rxb2 34. Nb4 Nc5 35. Nc6 e5 36. Nxe5 Bb5 37. Rc3 Na4 38. Nd3 Nxc3 39. Nxb2 Nxe2
40. a4 Ba6 41. Bxe2 Bxe2 42. f4 Kf6 43. Kf2 Ba6 44. Ke3 h5 45. Nd3 Ke7 46. a5
Kd7 47. gxh5 gxh5 48. h4 f5 49. Nb4 Bf1 50. Kd4 Kc7 51. Nc2 Ba6 52. Ne3 Bc8 53.
Nf1 Kd7 54. Ng3 Ke7 55. Nxh5 Kf7 56. Ng3 Kg6 57. Nf1 Kh5 58. Ne3 Kxh4 59. Nc4
 1-0

[Event "1.CLZ 24/25,TJ Neratovice-Sokol Vysehrad"]
[Site "Neratovice"]
[Date "2024.12.08"]
[Round "4.7"]
[White "Fajman, Petr"]
[Black "Sedy, Pavel"]
[WhiteElo "2085"]
[BlackElo "2129"]
[Result "1/2-1/2"]
[PlyCount "111"]

1. d4 d5 2. c4 dxc4 3. Nc3 e5 4. d5 Nf6 5. e4 c6 6. Bxc4 Bb4 7. Qd3 O-O 8. Nge2
cxd5 9. exd5 Nbd7 10. O-O a6 11. a3 Bd6 12. Ng3 Nc5 13. Qe2 Re8 14. b4 Ncd7 15.
Nce4 Nxe4 16. Nxe4 Nf8 17. Be3 b6 18. Qh5 g6 19. Qh6 Bf5 20. Ng3 b5 21. Nxf5
gxf5 22. Bb3 Ng6 23. Rac1 f4 24. Bc5 Rc8 25. Qh3 e4 26. Bxd6 Rxc1 27. Rxc1 Qxd6
28. Rc8 Qe5 29. Rxe8+ Qxe8 30. Qc3 e3 31. Kf1 Qe4 32. Qc2 Qd4 33. Qd1 Qxd1+ 34.
Bxd1 exf2 35. Kxf2 Ne5 36. Ke2 Kf8 37. Kd2 Ke7 38. Kc3 Kd6 39. Kd4 Nc4 40. Bc2
h6 41. Be4 Nxa3 42. Bd3 h5 43. h4 f6 44. Bg6 Nc4 45. Bxh5 Ne3 46. Bg6 Nxg2 47.
h5 Nh4 48. Be4 f5 49. Bh1 f3 50. Ke3 f4+ 51. Kf2 Kxd5 52. Bxf3+ Ke5 53. Bb7 Nf5
54. Bxa6 Nd4 55. h6 Kf6 56. h7 1/2-1/2

[Event "1.CLZ 24/25,TJ Neratovice-Sokol Vysehrad"]
[Site "Neratovice"]
[Date "2024.12.08"]
[Round "4.8"]
[White "Filipi, Stepan"]
[Black "Purnoch, Josef"]
[WhiteElo "2143"]
[BlackElo "2096"]
[Result "0-1"]
[PlyCount "116"]

1. e4 c5 2. Nf3 Nc6 3. Nc3 e5 4. d3 Nf6 5. Bg5 Be7 6. Qd2 d6 7. Be2 Be6 8. O-O
O-O 9. Rfe1 Re8 10. a3 d5 11. exd5 Nxd5 12. Nxd5 Bxd5 13. Bxe7 Qxe7 14. Qg5
Qxg5 15. Nxg5 Nd4 16. Bd1 f6 17. Ne4 Rec8 18. c3 Ne6 19. Bg4 Rc6 20. Rad1 Rd8
21. g3 Kf7 22. Nd2 Rcd6 23. Ne4 Rc6 24. Nd2 Rc7 25. h4 g6 26. Nc4 Bxc4 27. dxc4
Rcd7 28. Rxd7+ Rxd7 29. Bf3 Rd2 30. Re2 Rxe2 31. Bxe2 b6 32. Bf3 f5 33. Bd5 Kf6
34. f3 Nf8 35. Kf2 h6 36. Ke3 g5 37. hxg5+ Kxg5 38. Kf2 Nd7 39. Bc6 Nf6 40. Bb7
h5 41. Bc8 f4 42. Bb7 Ne8 43. b4 Nd6 44. Bd5 Nf5 45. gxf4+ Kxf4 46. a4 h4 47.
a5 Ne3 48. axb6 axb6 49. bxc5 bxc5 50. Be6 Nd1+ 51. Ke2 Nxc3+ 52. Kf2 Nd1+ 53.
Ke2 Ne3 54. Kf2 Nf5 55. Bc8 Nd4 56. Bb7 h3 57. Bd5 h2 58. Kg2 Nxf3 0-1

[Event "1.CLZ 24/25,Sokol Vysehrad-Chess club Pisek"]
[Site "Praha"]
[Date "2025.01.05"]
[Round "5.1"]
[White "Vlasak, Lukas"]
[Black "Miesbauer, Jan"]
[WhiteElo "2451"]
[BlackElo "2382"]
[Result "1/2-1/2"]
[PlyCount "105"]

1. Nf3 Nf6 2. g3 g6 3. Bg2 Bg7 4. c4 O-O 5. d4 d6 6. Nc3 Nc6 7. d5 Na5 8. b3 c5
9. Bb2 a6 10. O-O Rb8 11. Nd2 b5 12. Qc1 Re8 13. Re1 Bf5 14. Nd1 h5 15. e4 Bd7
16. Ne3 e5 17. Bc3 b4 18. Bb2 Nb7 19. Qc2 Bh6 20. Re2 h4 21. Nf3 hxg3 22. fxg3
Ng4 23. Nxg4 Bxg4 24. Rf1 Qe7 25. Bc1 Bxc1 26. Qxc1 Kg7 27. Ref2 Bxf3 28. Bxf3
Rh8 29. Bg4 Rbf8 30. h4 f6 31. Qd1 a5 32. h5 g5 33. Bf5 Nd8 34. Bg6 Qd7 35. Bf5
Qe8 36. Bg4 f5 37. Rxf5 Rxf5 38. Rxf5 Qe7 39. Qd2 Nf7 40. Kg2 Rh6 41. Rf2 Rh8
42. Rf5 Rg8 43. Kh3 Rh8 44. Kg2 Rh7 45. Qe3 Rh8 46. Qc1 Rh7 47. Rf2 Nh6 48. Be6
Rh8 49. a3 Rf8 50. Rxf8 Kxf8 51. axb4 axb4 52. Qa1 g4 53. Qa8+ 1/2-1/2

[Event "1.CLZ 24/25,Sokol Vysehrad-Chess club Pisek"]
[Site "Praha"]
[Date "2025.01.05"]
[Round "5.2"]
[White "Stinka, Jakub"]
[Black "Kusa, Jakub"]
[WhiteElo "2362"]
[BlackElo "2405"]
[Result "1/2-1/2"]
[PlyCount "49"]

1. e4 e5 2. Nf3 Nc6 3. Bb5 Nf6 4. O-O Nxe4 5. Re1 Nd6 6. Nxe5 Be7 7. Bf1 Nxe5
8. Rxe5 O-O 9. d4 Bf6 10. Re1 Re8 11. c3 Rxe1 12. Qxe1 Ne8 13. Bf4 d5 14. Bd3
g6 15. Nd2 Ng7 16. Nf3 Bf5 17. Bxf5 Nxf5 18. Qe2 c6 19. Re1 Ng7 20. Be5 Ne6 21.
g3 Kg7 22. h4 Bxe5 23. Nxe5 Qf6 24. h5 Qf5 25. hxg6 1/2-1/2

[Event "1.CLZ 24/25,Sokol Vysehrad-Chess club Pisek"]
[Site "Praha"]
[Date "2025.01.05"]
[Round "5.3"]
[White "Bujnoch, Radek"]
[Black "Hak, David"]
[WhiteElo "2332"]
[BlackElo "2302"]
[Result "1/2-1/2"]
[PlyCount "134"]

1. d4 Nf6 2. c4 g6 3. Nc3 d5 4. Nf3 Bg7 5. Qb3 dxc4 6. Qxc4 O-O 7. e4 a6 8. Be2
b5 9. Qb3 c5 10. dxc5 Be6 11. Qc2 Nbd7 12. Be3 Rc8 13. Rd1 Qa5 14. a3 b4 15.
axb4 Qxb4 16. Nd4 Nxc5 17. O-O Ng4 18. Bxg4 Bxg4 19. f3 Be6 20. Nd5 Bxd5 21.
exd5 Bxd4 22. Rxd4 Qb7 23. b4 Ne6 24. Rc4 Rxc4 25. Qxc4 Nc7 26. Qc6 Qxc6 27.
dxc6 Nd5 28. Bd2 Rc8 29. Rc1 e6 30. Rc5 Kf8 31. b5 axb5 32. Ba5 b4 33. c7 Ke8
34. Rb5 Kd7 35. Kf2 g5 36. g4 h6 37. Kg3 Rxc7 38. Bxc7 Kxc7 39. Kf2 Kc6 40. Rb8
Kc7 41. Ra8 Kd6 42. Ke2 Ke5 43. Rf8 f6 44. Rh8 Nc3+ 45. Kd3 Kf4 46. Re8 e5 47.
Re6 Kxf3 48. Rxf6+ Kxg4 49. Rxh6 e4+ 50. Kc2 e3 51. Rb6 Kf3 52. Rf6+ Kg2 53.
Re6 e2 54. Kd2 Kxh2 55. Rb6 g4 56. Rxb4 g3 57. Rh4+ Kg2 58. Rh8 Kf2 59. Rf8+
Kg1 60. Rf3 Ne4+ 61. Kxe2 g2 62. Rf8 Kh2 63. Rh8+ Kg3 64. Rg8+ Kh2 65. Kf3 Nd2+
66. Kf2 Ne4+ 67. Kf3 Nd2+ 1/2-1/2

[Event "1.CLZ 24/25,Sokol Vysehrad-Chess club Pisek"]
[Site "Praha"]
[Date "2025.01.05"]
[Round "5.4"]
[White "Havlik, Jan"]
[Black "Vichnar, David"]
[WhiteElo "2345"]
[BlackElo "2294"]
[Result "1/2-1/2"]
[PlyCount "41"]

1. e4 c5 2. Nf3 e6 3. d4 cxd4 4. Nxd4 Nc6 5. Nc3 Qc7 6. Be2 Nf6 7. Be3 Be7 8.
O-O O-O 9. Kh1 d6 10. f4 a6 11. Qe1 Nxd4 12. Bxd4 b5 13. Qg3 Bb7 14. a3 g6 15.
Bd3 Nh5 16. Qe3 e5 17. Bb6 exf4 18. Bxc7 fxe3 19. Rae1 Rac8 20. Bb6 Bg5 21.
Bxe3 1/2-1/2

[Event "1.CLZ 24/25,Sokol Vysehrad-Chess club Pisek"]
[Site "Praha"]
[Date "2025.01.05"]
[Round "5.5"]
[White "Serrano, Salvador"]
[Black "Mametev, Artem"]
[WhiteElo "2276"]
[BlackElo "2155"]
[Result "1-0"]
[PlyCount "57"]

1. d4 Nf6 2. Nf3 g6 3. c4 Bg7 4. g3 O-O 5. Bg2 d5 6. O-O Nc6 7. Nbd2 Bg4 8. Ne5
Be6 9. e3 dxc4 10. Nxc6 bxc6 11. Qc2 Bd5 12. f3 Nd7 13. Nxc4 c5 14. dxc5 c6 15.
Rd1 Qc7 16. e4 Be6 17. Bf4 Qb7 18. Rac1 Qb5 19. Be3 Rfd8 20. b3 a5 21. Nb6 Nxb6
22. cxb6 c5 23. Bxc5 Rac8 24. Be3 Bd4 25. Rxd4 Rxd4 26. Qxc8+ Bxc8 27. Rxc8+
Kg7 28. Bxd4+ e5 29. Bf1 1-0

[Event "1.CLZ 24/25,Sokol Vysehrad-Chess club Pisek"]
[Site "Praha"]
[Date "2025.01.05"]
[Round "5.6"]
[White "Janous, Marek"]
[Black "Netusil, Miloslav"]
[WhiteElo "2214"]
[BlackElo "2145"]
[Result "1-0"]
[PlyCount "93"]

1. e4 e6 2. Nf3 d5 3. Nc3 dxe4 4. Nxe4 Nd7 5. d4 Ngf6 6. Nxf6+ Nxf6 7. Bd3 c5
8. dxc5 Bxc5 9. Qe2 Bd7 10. Bg5 Bc6 11. O-O h6 12. Bh4 Qd5 13. Qe5 Bd6 14. Qxd5
Nxd5 15. Nd4 Bd7 16. Rad1 g5 17. Bg3 Bxg3 18. hxg3 O-O 19. c4 Nf6 20. Rfe1 Rfd8
21. Nf3 a5 22. Ne5 Be8 23. f4 gxf4 24. gxf4 Nd7 25. Ng4 Kg7 26. f5 exf5 27. Ne3
Nc5 28. Nxf5+ Kf8 29. Bc2 Rxd1 30. Rxd1 Bc6 31. Nxh6 Re8 32. Rf1 Re7 33. Rf5
Re1+ 34. Kf2 Rc1 35. Rxf7+ Ke8 36. Bg6 Be4 37. Rf5+ Kd7 38. Rxc5 Bxg6 39. Ng4
Bb1 40. Ne3 b6 41. Rd5+ Kc6 42. a3 Ba2 43. Rd4 Kc5 44. Rd8 Rb1 45. Rd2 Bxc4 46.
Nxc4 Kxc4 47. g4 1-0

[Event "1.CLZ 24/25,Sokol Vysehrad-Chess club Pisek"]
[Site "Praha"]
[Date "2025.01.05"]
[Round "5.7"]
[White "Sedy, Pavel"]
[Black "Novotny, Michal"]
[WhiteElo "2141"]
[BlackElo "2209"]
[Result "1-0"]
[PlyCount "29"]

1. Nf3 Nf6 2. d4 g6 3. c4 Bg7 4. Nc3 d5 5. e3 O-O 6. Bd2 c5 7. dxc5 Na6 8. cxd5
Nxc5 9. Bc4 Bf5 10. Qe2 e6 11. dxe6 Nd3+ 12. Bxd3 Qxd3 13. exf7+ Rxf7 14. Qxd3
Bxd3 15. Ne5 1-0

[Event "1.CLZ 24/25,Sokol Vysehrad-Chess club Pisek"]
[Site "Praha"]
[Date "2025.01.05"]
[Round "5.8"]
[White "Vybiral, Zdenek"]
[Black "Verner, Matej"]
[WhiteElo "2155"]
[BlackElo "1948"]
[Result "1-0"]
[PlyCount "43"]

1. d4 Nf6 2. Nc3 d5 3. Bf4 a6 4. e3 c5 5. dxc5 Nc6 6. Nf3 e6 7. Na4 Bxc5 8.
Nxc5 Qa5+ 9. c3 Qxc5 10. Bd3 Ng4 11. Bg3 e5 12. e4 dxe4 13. Bxe4 O-O 14. O-O
Re8 15. Re1 f5 16. Bd5+ Kh8 17. Bxc6 bxc6 18. Nxe5 Nxe5 19. Rxe5 Qf8 20. Qd6
Ra7 21. Rae1 Rd8 22. Qxd8 1-0

[Event "1.CLZ 24/25,MGMBA Unichess-TJ Neratovice"]
[Site "Praha"]
[Date "2025.01.05"]
[Round "5.1"]
[White "Kourousis, Epameinondas"]
[Black "Kawulok, Marek"]
[WhiteElo "2378"]
[BlackElo "2229"]
[Result "1/2-1/2"]
[PlyCount "55"]

1. d4 Nf6 2. c4 e6 3. g3 d5 4. Bg2 Be7 5. Nf3 O-O 6. O-O dxc4 7. Qc2 b5 8. a4
b4 9. Nbd2 Bb7 10. Nxc4 c5 11. dxc5 Nbd7 12. Nd6 Bd5 13. e4 Bxd6 14. exd5 Nxc5
15. dxe6 Nxe6 16. Qf5 g6 17. Qb5 Rb8 18. Qe2 Qa5 19. Be3 Nd5 20. Bh6 Rfe8 21.
Qd3 Rbd8 22. Rfd1 Ndf4 23. Bxf4 Bxf4 24. Qb5 Qxb5 25. axb5 Rxd1+ 26. Rxd1 Bc7
27. Bf1 Rd8 28. Rxd8+ 1/2-1/2

[Event "1.CLZ 24/25,MGMBA Unichess-TJ Neratovice"]
[Site "Praha"]
[Date "2025.01.05"]
[Round "5.2"]
[White "Paulus, Vaclav"]
[Black "Bernasek, Jan"]
[WhiteElo "2143"]
[BlackElo "2508"]
[Result "0-1"]
[PlyCount "68"]

1. e4 c5 2. Nf3 e6 3. d4 cxd4 4. Nxd4 a6 5. Bd3 Bc5 6. Nb3 Ba7 7. c4 d6 8. Nc3
Nf6 9. O-O Nc6 10. Kh1 Ne5 11. h3 Qc7 12. Bf4 O-O 13. Rc1 Bd7 14. Bg5 Rac8 15.
Bxf6 gxf6 16. Bb1 Kh8 17. Qh5 Rg8 18. f4 Nxc4 19. Qxf7 Rcf8 20. Qh5 Bc6 21. Nd1
Qg7 22. g4 d5 23. exd5 Bxd5+ 24. Kh2 f5 25. g5 Bb8 26. Nc3 Ne3 27. Rf2 Bxf4+
28. Rxf4 Qe5 29. Kg3 Rxg5+ 30. Qxg5 Rg8 31. Qxg8+ Kxg8 32. Ne2 Ng2 33. Rc3 Nxf4
34. Nxf4 Qe1+ 0-1

[Event "1.CLZ 24/25,MGMBA Unichess-TJ Neratovice"]
[Site "Praha"]
[Date "2025.01.05"]
[Round "5.3"]
[White "Jurcik, Marian"]
[Black "Orsag, Milan"]
[WhiteElo "2411"]
[BlackElo "2222"]
[Result "1-0"]
[PlyCount "29"]

1. e4 c5 2. Nf3 e6 3. b3 b6 4. Bb2 Bb7 5. Nc3 a6 6. d4 cxd4 7. Qxd4 d6 8. O-O-O
Nd7 9. g4 h6 10. h4 Qc7 11. Rg1 Rc8 12. g5 hxg5 13. hxg5 Ne5 14. Ne1 Rh4 15.
Bxa6 1-0

[Event "1.CLZ 24/25,MGMBA Unichess-TJ Neratovice"]
[Site "Praha"]
[Date "2025.01.05"]
[Round "5.4"]
[White "Mik, Tomas"]
[Black "Simek, Petr"]
[WhiteElo "2080"]
[BlackElo "2311"]
[Result "0-1"]
[PlyCount "55"]

1. e4 c5 2. Nf3 d6 3. d4 cxd4 4. Nxd4 Nf6 5. Nc3 a6 6. Bd3 g6 7. O-O Bg7 8. Kh1
Nc6 9. Nb3 O-O 10. f4 b5 11. a3 Bb7 12. Qe1 Rc8 13. Qh4 Re8 14. Bd2 b4 15. axb4
Nxb4 16. f5 Nxd3 17. cxd3 Qb6 18. Na5 Ba8 19. Bc1 Qd4 20. Qh3 Rb8 21. Be3 Qb4
22. Nc4 Rec8 23. fxg6 hxg6 24. Bd4 Rxc4 25. dxc4 Qxc4 26. Rad1 e5 27. Bg1 Rxb2
28. Nd5 0-1

[Event "1.CLZ 24/25,MGMBA Unichess-TJ Neratovice"]
[Site "Praha"]
[Date "2025.01.05"]
[Round "5.5"]
[White "Toman, Jan"]
[Black "Fajman, Petr"]
[WhiteElo "2128"]
[BlackElo "2085"]
[Result "1/2-1/2"]
[PlyCount "83"]

1. d4 Nf6 2. c4 g6 3. Nc3 d6 4. e4 Bg7 5. Be2 a6 6. Nf3 O-O 7. O-O c5 8. d5
Nbd7 9. Bf4 Ng4 10. Ne1 Nge5 11. Be3 Nb6 12. Qb3 f5 13. f4 Ng4 14. Bxg4 fxg4
15. Rd1 Qc7 16. Ne2 Nd7 17. Nd3 b5 18. Nf2 Nb6 19. cxb5 axb5 20. e5 Nc4 21. Bc1
dxe5 22. Qxb5 Nd6 23. Qb3 c4 24. Qe3 Rxa2 25. fxe5 Nf5 26. Qe4 Bxe5 27. Nxg4
Bg7 28. Nc3 Ra6 29. Rf4 h5 30. Nf2 Be5 31. d6 exd6 32. Qxc4+ Qxc4 33. Rxc4 Be6
34. Re4 Bb3 35. Rde1 Bc2 36. R4e2 Nd4 37. Rd2 Bf5 38. Nfe4 Nb3 39. Rde2 Bg4 40.
Bh6 Rb8 41. Rf2 Bf5 42. Bf4 1/2-1/2

[Event "1.CLZ 24/25,MGMBA Unichess-TJ Neratovice"]
[Site "Praha"]
[Date "2025.01.05"]
[Round "5.6"]
[White "Purnoch, Josef"]
[Black "Rehorek, Martin"]
[WhiteElo "2114"]
[BlackElo "2256"]
[Result "1-0"]
[PlyCount "65"]

1. d4 Nf6 2. c4 e6 3. Nc3 Bb4 4. f3 c5 5. d5 O-O 6. Bd2 d6 7. e4 e5 8. Bd3 Nh5
9. Nge2 f5 10. exf5 Bxf5 11. Bxf5 Rxf5 12. Qc2 Rf7 13. O-O-O Na6 14. Kb1 Nc7
15. h4 Bxc3 16. Nxc3 Rb8 17. Ne4 Nf6 18. Bg5 b5 19. g4 bxc4 20. Bxf6 gxf6 21.
g5 f5 22. Nf6+ Rxf6 23. gxf6 Qxf6 24. Qxc4 Rb4 25. Qe2 Rb8 26. Rh3 f4 27. Rg1+
Kh8 28. Rh2 Nxd5 29. Qa6 Qe7 30. Rd2 Nc3+ 31. Ka1 Nb5 32. Rdg2 e4 33. Qxb5 1-0

[Event "1.CLZ 24/25,MGMBA Unichess-TJ Neratovice"]
[Site "Praha"]
[Date "2025.01.05"]
[Round "5.7"]
[White "Juhanak, Daniel"]
[Black "Veny, Jaume"]
[WhiteElo "2079"]
[BlackElo "1884"]
[Result "1/2-1/2"]
[PlyCount "120"]

1. Nf3 c5 2. c4 Nf6 3. g3 g6 4. Bg2 Nc6 5. O-O Bg7 6. Nc3 O-O 7. d4 cxd4 8.
Nxd4 Nxd4 9. Qxd4 d6 10. b3 a5 11. Bb2 Nd7 12. Qd2 Nc5 13. Rfd1 Bd7 14. Rac1
Bc6 15. h4 h5 16. Nd5 Bxb2 17. Qxb2 Bxd5 18. Rxd5 Qb6 19. Rcd1 Qb4 20. Rg5 a4
21. g4 hxg4 22. h5 axb3 23. axb3 Qxb3 24. Qxb3 Nxb3 25. hxg6 fxg6 26. Rxg6+ Kf7
27. Rxg4 Nc5 28. Rb1 Rab8 29. Bf3 Rg8 30. Rxg8 Rxg8+ 31. Kf1 Rb8 32. Ke1 Ke8
33. Kd2 Kd7 34. Ke3 Kc7 35. Bh1 Rh8 36. f4 e6 37. Bf3 Rg8 38. Rh1 Rg7 39. Rh6
Kd7 40. Rh5 Kc7 41. Kd4 Rf7 42. Ke3 Rg7 43. Rh8 Nd7 44. Re8 Nc5 45. Ra8 Nd7 46.
Ra7 Nc5 47. Ra1 Nd7 48. Rb1 Nc5 49. Rh1 Nd7 50. Rh6 Nc5 51. Rh4 Nd7 52. Bg4 Nc5
53. Kf3 Kd7 54. Rh6 Re7 55. e4 Rf7 56. Ke3 Ke7 57. e5 Rg7 58. Bf3 Kd7 59. Rh1
Kc7 60. exd6+ Kxd6 1/2-1/2

[Event "1.CLZ 24/25,MGMBA Unichess-TJ Neratovice"]
[Site "Praha"]
[Date "2025.01.05"]
[Round "5.8"]
[White "Silhan, Petr"]
[Black "Tesar, Jakub"]
[WhiteElo "2028"]
[BlackElo "2103"]
[Result "0-1"]
[PlyCount "80"]

1. d4 d5 2. c4 c6 3. Nc3 Nf6 4. Nf3 a6 5. e3 Bf5 6. Be2 e6 7. O-O Bd6 8. b3 O-O
9. Ne5 Ne4 10. Bb2 f6 11. Nd3 Nd7 12. Rc1 Qb8 13. h3 Qe8 14. cxd5 exd5 15. Nxe4
Bxe4 16. Bf3 Qe7 17. Rc2 f5 18. Re1 Rf6 19. Kf1 Nf8 20. Ke2 Bxf3+ 21. gxf3 Rh6
22. Rh1 f4 23. Kd2 fxe3+ 24. fxe3 Ng6 25. f4 Qe4 26. Qf1 Nh4 27. Rc3 Re8 28.
Nc5 Bxc5 29. dxc5 Nf5 30. Rg1 d4 31. exd4 Qxd4+ 32. Kc1 Rhe6 33. Kb1 Re2 34.
Qc1 Qf2 35. Rd1 Ne3 36. Rh1 Qg2 37. Re1 Qe4+ 38. Ka1 Nc2+ 39. Qxc2 Rxe1+ 40.
Bc1 Qd4 0-1

[Event "1.CLZ 24/25,Cesky lev Kolesovice-DP Praha"]
[Site "Kolesovice"]
[Date "2025.01.05"]
[Round "5.1"]
[White "Movsesjan, Sergej"]
[Black "Sahidi, Samir"]
[WhiteElo "2590"]
[BlackElo "2494"]
[Result "1-0"]
[PlyCount "85"]

1. Nf3 d5 2. g3 Nf6 3. Bg2 c6 4. O-O Bg4 5. d3 Nbd7 6. h3 Bxf3 7. Bxf3 e6 8. e4
Bd6 9. exd5 cxd5 10. c4 O-O 11. Nc3 Nb6 12. Qe2 Rc8 13. b3 a6 14. Bb2 Qe7 15.
a4 Bb4 16. Rfc1 a5 17. Qe3 Rc6 18. Nb5 Bc5 19. Qe2 Rd8 20. Kg2 h6 21. Na7 Rc7
22. Be5 Rcd7 23. d4 Ba3 24. Rc2 dxc4 25. bxc4 Nc8 26. Bxf6 gxf6 27. Nb5 Bb4 28.
c5 Qf8 29. d5 Rxd5 30. Bxd5 Rxd5 31. Rd1 Ne7 32. Nd6 Bxc5 33. Ne4 Bd4 34. Rxd4
Rxd4 35. Nxf6+ Kh8 36. Qe5 Rd8 37. Rc7 Ng6 38. Qe3 Kg7 39. Nh5+ Kg8 40. Nf6+
Kg7 41. Ng4 Kh7 42. Qxe6 Nh8 43. h4 1-0

[Event "1.CLZ 24/25,Cesky lev Kolesovice-DP Praha"]
[Site "Kolesovice"]
[Date "2025.01.05"]
[Round "5.2"]
[White "Stohl, Igor"]
[Black "Rodshtein, Maxim"]
[WhiteElo "2410"]
[BlackElo "2635"]
[Result "0-1"]
[PlyCount "80"]

1. Nf3 d5 2. d4 Nf6 3. c4 e6 4. g3 Bb4+ 5. Nbd2 O-O 6. Bg2 b6 7. O-O Bb7 8. Ne5
a5 9. Qc2 Be7 10. b3 Na6 11. Bb2 Nb4 12. Qb1 c5 13. Rd1 Qc7 14. a3 Nc6 15. Nxc6
Bxc6 16. e4 dxe4 17. Nxe4 cxd4 18. Nxf6+ Bxf6 19. Bxd4 Bxg2 20. Kxg2 Qc6+ 21.
Kg1 Be7 22. Qb2 f6 23. Rd2 h5 24. h4 Rfd8 25. Rad1 Rab8 26. a4 Qf3 27. Qc3 Qg4
28. Qe3 Rd6 29. Kg2 e5 30. Bc3 Qxd1 31. Rxd1 Rxd1 32. Qf3 Rbd8 33. Qxh5 Rc1 34.
Bxe5 fxe5 35. Qxe5 Bc5 36. Qe6+ Kh8 37. Qe2 Rcd1 38. Qh5+ Kg8 39. f4 R1d2+ 40.
Kh3 R2d3 0-1

[Event "1.CLZ 24/25,Cesky lev Kolesovice-DP Praha"]
[Site "Kolesovice"]
[Date "2025.01.05"]
[Round "5.3"]
[White "Shagbazyan, Taron"]
[Black "Burdalev, Kirill"]
[WhiteElo "2416"]
[BlackElo "2353"]
[Result "1/2-1/2"]
[PlyCount "35"]

1. d4 d5 2. c4 dxc4 3. e4 Nf6 4. Nc3 e5 5. Nf3 exd4 6. Qxd4 Qxd4 7. Nxd4 Bc5 8.
Ndb5 Na6 9. Bf4 Be6 10. Nxc7+ Nxc7 11. Bxc7 O-O 12. Be2 Rac8 13. Bg3 Bd4 14. f3
Rfd8 15. Bf2 a6 16. Rd1 Be5 17. Bg3 Bd4 18. Bf2 1/2-1/2